BIBLIOTECA PODER JUDICIAL
Portal Judicial TDF

El derecho administrativo frente al cambio climático : (Registro nro. 6173)

000 -LEADER
fixed length control field 01143nabaa22002297a 4500
003 - CONTROL NUMBER IDENTIFIER
control field OSt
005 - DATE AND TIME OF LATEST TRANSACTION
control field 20260123231850.0
008 - FIXED-LENGTH DATA ELEMENTS--GENERAL INFORMATION
fixed length control field 190701b xxu||||| |||| 00| 0 spa d
040 ## - CATALOGING SOURCE
Transcribing agency PJ
100 ## - MAIN ENTRY--PERSONAL NAME
9 (RLIN) 6914
Personal name Juliá, Marta S.
245 13 - TITLE STATEMENT
Title El derecho administrativo frente al cambio climático :
Remainder of title desafíos y oportunidades frente a la regulación ambiental /
Statement of responsibility, etc Marta S. Juliá, M. Cecilia Tello Roldán, M. Eugenia Villalba.
300 ## - PHYSICAL DESCRIPTION
Extent p. 23-32
500 ## - GENERAL NOTE
General note Cita: TR LALEY AR/DOC/1107/2024
505 ## - FORMATTED CONTENTS NOTE
Formatted contents note Sumario: I. Introducción.— II. Panorama normativo.— III. Impacto de los cambios institucionales de la nueva gestión gubernamental (2023-2027) en la política de cambio climático.— IV. Conclusiones.
505 ## - FORMATTED CONTENTS NOTE
Title ¿Te interesa el texto completo? Comunicate al correo: koha@justierradelfuego.gov.ar
650 #0 - SUBJECT ADDED ENTRY--TOPICAL TERM
9 (RLIN) 211
Topical term or geographic name as entry element DERECHO ADMINISTRATIVO
650 #0 - SUBJECT ADDED ENTRY--TOPICAL TERM
9 (RLIN) 6111
Topical term or geographic name as entry element CAMBIO CLIMÁTICO
700 ## - ADDED ENTRY--PERSONAL NAME
9 (RLIN) 6915
Personal name Tello Roldán, M. Cecilia
700 ## - ADDED ENTRY--PERSONAL NAME
9 (RLIN) 6916
Personal name Villalba, M. Eugenia
773 0# - HOST ITEM ENTRY
Host Biblionumber 2842
Host Itemnumber 3251
Place, publisher, and date of publication Buenos Aires : AbeledoPerrot, 2012-
Other item identifier DA121
Title Derecho administrativo. Nº 153 mayo/junio 2024
International Standard Book Number 18510590
942 ## - ADDED ENTRY ELEMENTS (KOHA)
Source of classification or shelving scheme
Koha item type Analítica Artículo de Revista

No hay ítems disponibles.

12 de Octubre 789 Ushuaia - Tel:  54(02901)441571
Horario de Atención: 8.00 a 17.00 hs. 
bibliotecaush@justierradelfuego.gov.ar
koha@justierradelfuego.gov.ar
Seguinos en nuestras redes @bibliojustdf 

Con tecnología Koha